Cultura, sociedad, economía y nuevos sujetos de la historia: empresas y consumidores /
محفوظ في:
| المؤلف الرئيسي: | |
|---|---|
| مؤلفون آخرون: | |
| التنسيق: | نص |
| الوسوم: |
إضافة وسم
لا توجد وسوم, كن أول من يضع وسما على هذه التسجيلة!
|
MARC
| LEADER | 00000 a a2200000 04500 | ||
|---|---|---|---|
| 001 | 40860 | ||
| 003 | |||
| 040 | |||
| 100 | |a Barbero, María Inés | ||
| 245 | |a Cultura, sociedad, economía y nuevos sujetos de la historia: |b empresas y consumidores / |c María Ines Barbero; Rocchi, Fernando | ||
| 700 | |a Rocchi, Fernando | ||
| 773 | |g páginas 103-143 | ||
| 999 | |c 21131 |d 21131 | ||
